Jahrbuch des öffentlichen Rechts der Gegenwart. (Record no. 2556)

MARC details
000 -LEADER
campo de control de longitud fija 00628nas a22002291i#4500
001 - NÚMERO DE CONTROL
campo de control 2556
003 - IDENTIFICADOR DE NÚMERO DE CONTROL
campo de control ES-MaACL
005 - FECHA Y HORA DE LA ÚLTIMA TRANSACCIÓN
campo de control 20250809062536.0
007 - CAMPO FIJO DE DESCRIPCIÓN FÍSICA--INFORMACIÓN GENERAL
campo de control de longitud fija t|
008 - DATOS DE LONGITUD FIJA--INFORMACIÓN GENERAL
campo de control de longitud fija 950801c19079999gw a| | 1 ||er d
080 ## - NÚMERO DE LA CLASIFICACIÓN DECIMAL UNIVERSAL
Número de la Clasificación Decimal Universal 430
245 00 - MENCIÓN DEL TÍTULO
Título Jahrbuch des öffentlichen Rechts der Gegenwart.
260 ## - PUBLICACIÓN, DISTRIBUCIÓN, ETC.
Lugar de publicación, distribución, etc. Tübingen :
Nombre del editor, distribuidor, etc. J.C.B. Mohr,
Fecha de publicación, distribución, etc. 1907- (
Fabricante H. Laupp)
300 ## - DESCRIPCIÓN FÍSICA
Extensión 18 v. ;
Dimensiones 26 cm.
310 ## - PERIODICIDAD ACTUAL
Periodicidad actual Anual
362 ## - FECHAS DE PUBLICACIÓN Y/O DESIGNACIÓN SECUENCIAL
Fecha de publicación y/o designación secuencial Bd. 1-25, 1907-38; n.F., Bd. 1- 1951-
515 ## - NOTA DE PECULIARIDADES DE LA NUMERACIÓN
Nota de peculiaridades de la numeración Publicación suspendida 1915-1919.
650 17 - PUNTO DE ACCESO ADICIONAL DE MATERIA--TÉRMINO DE MATERIA
Término de materia o nombre geográfico como elemento de entrada Derecho
Fuente del encabezamiento o término embne
9 (RLIN) 11602
852 ## - LOCALIZACIÓN
Ubicación ES-MaACL
Número de control de estantería C-7343-60
866 #1 - MENCIÓN TEXTUAL DE FONDOS--UNIDAD BIBLIOGRÁFICA BÁSICA
Fondos 1907-29.
Holdings
Estatus retirado Estado de pérdida Estado de daño No para préstamo Colección Biblioteca de origen Biblioteca actual Ubicación en estantería Fecha de adquisición Fuente de adquisición Total de préstamos Signatura topográfica completa Código de barras Visto por última vez Precio de reemplazo Tipo de ítem Koha
        Periódicos y Revistas Biblioteca del Ateneo de Madrid Biblioteca del Ateneo de Madrid Sala Palomar 17/01/2008     C-7343-60 1002599 23/02/2023 23/02/2023 Revista